| 000 | 00456nam a22001577a 4500 | ||
|---|---|---|---|
| 003 | SGT | ||
| 020 | _a9788131702154 | ||
| 082 | _a647.94068, WAL | ||
| 100 | _aWALKER JOHAN R. | ||
| 245 | _aINTRODUCTION TO HOSPITALITY MANAGEMENT | ||
| 260 |
_aNEW DELHI _bPEARSON _c2006 |
||
| 300 | _a799 | ||
| 650 | _aHOSPITALITY MANAGEMENT | ||
| 653 | _aTOURISM, THE HOTAL BUSINESS DEVELOPMENT AND CLASSIFICATION, HOTEL AND ROOMS DIVISION OPERATION | ||
| 942 |
_2ddc _cFCM |
||
| 999 |
_c9186 _d9186 |
||